In die see (Record no. 253431)

MARC details
000 -LEADER
fixed length control field 00271nam a2200097Ia 4500
082 ## - DEWEY DECIMAL CLASSIFICATION NUMBER
Classification number J591. 77 INDI
008 - FIXED-LENGTH DATA ELEMENTS--GENERAL INFORMATION
fixed length control field 210817s9999 xx 000 0 und d
100 ## - MAIN ENTRY--PERSONAL NAME
Personal name STAUNTON, Joseph [Pretoria], 2009 1ste Afrikaanse uitg
9 (RLIN) 26288
245 #0 - TITLE STATEMENT
Title In die see
942 ## - ADDED ENTRY ELEMENTS
item type Books
Holdings
Withdrawn status Lost status Damaged status Not for loan Home library Current library Date acquired Cost, normal purchase price Total Checkouts Barcode Date last seen Price effective from item type
        eMalahleni Main PL (MMID-PLEM) eMalahleni Main PL (MMID-PLEM) 18.08.2021 52.00   33228022460636 18.08.2021 18.08.2021 Books